Respuesta del desempleo a variaciones de la producción : (Registro nro. 11839)

Detalles MARC
000 -LEADER
fixed length control field 01078nam a2200229Ia 4500
003 - CONTROL NUMBER IDENTIFIER
control field OSt
005 - DATE AND TIME OF LATEST TRANSACTION
control field 20210609172839.0
008 - FIXED-LENGTH DATA ELEMENTS--GENERAL INFORMATION
fixed length control field 210310s2013 sp ad gr 000 0 spa d
020 ## - INTERNATIONAL STANDARD BOOK NUMBER
International Standard Book Number 9783846571835
040 ## - CATALOGING SOURCE
Original cataloging agency CO-JMCR
Transcribing agency CO-JMCR
041 0# - LANGUAGE CODE
Language code of text/sound track or separate title spa
082 04 - DEWEY DECIMAL CLASSIFICATION NUMBER
Classification number 331.137 /
Item number B168r
Edition number 23
100 1# - MAIN ENTRY--PERSONAL NAME
Personal name Baquero Latorre, Marco
9 (RLIN) 26581
245 10 - TITLE STATEMENT
Title Respuesta del desempleo a variaciones de la producción :
Remainder of title cuantificación para ecuador a partir d la ley de Okun /
Statement of responsibility, etc. Marco Baquero Latorre.
260 ## - PUBLICATION, DISTRIBUTION, ETC.
Place of publication, distribution, etc. España :
Name of publisher, distributor, etc. Editorial academia Española,
Date of publication, distribution, etc. 2013.
300 ## - PHYSICAL DESCRIPTION
Extent 52 páginas :
Other physical details ilustraciones y gráficas en blanco y negro ;
Dimensions 23 cm.
501 ## - WITH NOTE
With note Con : notas a pie de página y datos biográficos del autor en tapa posterior.
505 0# - FORMATTED CONTENTS NOTE
Formatted contents note Metodología de Okun. -- Resultados de Okun. -- Estimaciones del coeficiente de Okun: otros países. -- Robustez de los coeficientes estimados. -- Estimación del producto potencial y de las brechas de producto.
650 14 - SUBJECT ADDED ENTRY--TOPICAL TERM
Topical term or geographic name entry element Desempleo
General subdivision cuantificación
9 (RLIN) 38266
650 24 - SUBJECT ADDED ENTRY--TOPICAL TERM
Topical term or geographic name entry element Variación del desempleo
9 (RLIN) 38267
942 ## - ADDED ENTRY ELEMENTS (KOHA)
Source of classification or shelving scheme Dewey Decimal Classification
Koha item type Books
Existencias
Withdrawn status Lost status Source of classification or shelving scheme Damaged status Not for loan Home library Current library Shelving location Date acquired Source of acquisition Full call number Barcode Date last seen Copy number Price effective from Koha item type
    Dewey Decimal Classification     Biblioteca Pública José María del Castillo y Rada Biblioteca Pública José María del Castillo y Rada General Stacks 04/15/2018 Donación 331.137 / B168r 430003010 05/16/2024 Ej.1 03/10/2021 Books